[Event "ROM-ch U10"]
[Site "Calimanesti"]
[Date "2018.03.29"]
[Round "3"]
[White "Frincu, Marius Sebastian"]
[Black "Butolo, Alexandru Mircea"]
[Result "1-0"]
[WhiteElo "1295"]
[BlackElo "1471"]
[PlyCount "83"]
[EventDate "2018.03.27"]
[EventType "swiss"]
[EventRounds "9"]
[EventCountry "ROU"]
[SourceTitle "CBM 183 Extra"]
[Source "ChessBase"]
[SourceDate "2018.04.19"]
[SourceVersion "1"]
[SourceVersionDate "2018.04.19"]
[SourceQuality "1"]

1. Nf3 Nf6 2. d4 g6 3. Bf4 Bg7 4. e3 0-0 5. Be2 d6 6. h3 Nbd7 7. 0-0 Qe8 8. Bh2 e5 9. dxe5 dxe5 10. Nbd2 Qe7 11. c4 Rd8 12. Qc2 e4 13. Nd4 c6 14. Rad1 Nf8 15. N2b3 h5 16. Qd2 Be6 17. Qc2 N8h7 18. Nxe6 fxe6 19. Nd2 Nf8 20. b3 Qa3 21. Be5 N8d7 22. Bxf6 Nxf6 23. Nxe4 Nxe4 24. Qxe4 Qxa2 25. Qxe6+ Kh8 26. Bf3 Qxb3 27. Rxd8+ Rxd8 28. Qxg6 Qxc4 29. Qxh5+ Kg8 30. Qg6 Qb3 31. Bg4 Kh8 32. Be6 Qb5 33. Bf5 Kg8 34. Be6+ Kh8 35. f4 Qc5 36. Kh1 Qb5 37. f5 Qe2 38. Qg5 Rf8 39. Rg1 Rf6 40. Qh4+ Rh6 41. Qd8+ Kh7 42. Qg8# 1-0